Field maual of plant ecology. (Record no. 19384)

MARC details
000 -LEADER
fixed length control field 00310nam a2200121Ia 4500
082 ## - DEWEY DECIMAL CLASSIFICATION NUMBER
Classification number 581.5(035)
Item number GAT
100 ## - MAIN ENTRY--AUTHOR NAME
Personal name GATES, Frank C
245 #0 - TITLE STATEMENT
Title Field maual of plant ecology.
260 ## - PUBLICATION, DISTRIBUTION, ETC. (IMPRINT)
Place of publication New York
Name of publisher Mcgraw Hill
Year of publication 1949
650 ## - SUBJECT ADDED ENTRY--TOPICAL TERM
Topical Term Plant ecology
942 ## - ADDED ENTRY ELEMENTS (KOHA)
Koha item type Books
Holdings
Withdrawn status Lost status Damaged status Not for loan Home library Current library Date acquired Full call number Accession Number Koha item type
        RRII Library RRII Library 16/12/2021 581.5(035) GAT 00120 Books